<?xml version="1.0" encoding="UTF-8"?><?xml-stylesheet type="text/xsl" href="static/style.xsl"?><OAI-PMH xmlns="http://www.openarchives.org/OAI/2.0/" xmlns:xsi="http://www.w3.org/2001/XMLSchema-instance" xsi:schemaLocation="http://www.openarchives.org/OAI/2.0/ http://www.openarchives.org/OAI/2.0/OAI-PMH.xsd"><responseDate>2026-04-17T11:41:56Z</responseDate><request verb="GetRecord" identifier="oai:www.recercat.cat:2117/182651" metadataPrefix="marc">https://recercat.cat/oai/request</request><GetRecord><record><header><identifier>oai:recercat.cat:2117/182651</identifier><datestamp>2025-07-22T22:09:51Z</datestamp><setSpec>com_2072_1033</setSpec><setSpec>col_2072_452951</setSpec></header><metadata><record xmlns="http://www.loc.gov/MARC21/slim" xmlns:dcterms="http://purl.org/dc/terms/" xmlns:xsi="http://www.w3.org/2001/XMLSchema-instance" xmlns:doc="http://www.lyncode.com/xoai" xsi:schemaLocation="http://www.loc.gov/MARC21/slim http://www.loc.gov/standards/marcxml/schema/MARC21slim.xsd">
   <leader>00925njm 22002777a 4500</leader>
   <datafield ind2=" " ind1=" " tag="042">
      <subfield code="a">dc</subfield>
   </datafield>
   <datafield ind2=" " ind1=" " tag="720">
      <subfield code="a">Cervelló Sánchez, Josep</subfield>
      <subfield code="e">author</subfield>
   </datafield>
   <datafield ind2=" " ind1=" " tag="260">
      <subfield code="c">2017-06-19</subfield>
   </datafield>
   <datafield ind2=" " ind1=" " tag="520">
      <subfield code="a">Trabajo relacionado con la Seguridad Vial y que afecta especialmente a ciclistas de carretera y motoristas. Objetivos: - Estudio de la accidentalidad en carreteras secundarias, en concreto en motoristas y ciclistas. - Estudio básico de los sistemas de protección pasivo para reducir la siniestralidad en caso de accidente, presentes en vehículos, personas y entorno. - Estado del arte del diseño de los guardarrailes. - Estudio en detalle de una de las patentes sobre estos elementos de protección. - Obtener las competencias de Seguridad Vial en ingeniería, en colaboración con la plataforma VPESV, del departamento de Ingeniería Mecánica de la ESEIAAT.</subfield>
   </datafield>
   <datafield ind2=" " ind1=" " tag="520">
      <subfield code="a">Estudio de la situación actual de la accidentalidad de motoristas y ciclistas. Búsqueda y análisis de la información en relación a los sistemas de protección presentes en los vehículos en estudio, en sus conductores y en el entorno que circulan (carreteras secundarias). Búsqueda y análisis de patentes y artículos de investigación relacionados con los guardarrailes. Realizar y analizar una encuesta entre usuarios de motocicletas y ciclistas para obtener información útil sobre esta temática. Realizar un trabajo de campo para la comprobación de soluciones aplicadas en el entorno. Analizar y estudiar una patente sobre guardarrailes para realizar el diseño más definido del mismo, en cuanto a materiales, formas geométricas y sistemas de fijación, para su correcto mantenimiento. Estudio ambiental y económico del trabajo realizado. Elaborar un artículo resumen del trabajo realizado para la defensa del trabajo y su publicación en la página web de la plataforma VPESV.</subfield>
   </datafield>
   <datafield tag="653" ind2=" " ind1=" ">
      <subfield code="a">Àrees temàtiques de la UPC::Enginyeria mecànica</subfield>
   </datafield>
   <datafield tag="653" ind2=" " ind1=" ">
      <subfield code="a">Traffic safety</subfield>
   </datafield>
   <datafield tag="653" ind2=" " ind1=" ">
      <subfield code="a">Security systems</subfield>
   </datafield>
   <datafield tag="653" ind2=" " ind1=" ">
      <subfield code="a">Roads--Security measures</subfield>
   </datafield>
   <datafield tag="653" ind2=" " ind1=" ">
      <subfield code="a">Seguretat viària</subfield>
   </datafield>
   <datafield tag="653" ind2=" " ind1=" ">
      <subfield code="a">Sistemes de seguretat</subfield>
   </datafield>
   <datafield tag="653" ind2=" " ind1=" ">
      <subfield code="a">Carreteres -- Barreres de seguretat</subfield>
   </datafield>
   <datafield ind2="0" ind1="0" tag="245">
      <subfield code="a">Estudio de las barreras de protección o guardarrailes en carreteras secundarias</subfield>
   </datafield>
</record></metadata></record></GetRecord></OAI-PMH>